Veterinary pathology. (Record no. 10322)

000 -LEADER
fixed length control field 00235nam a22001217a 4500
040 ## - CATALOGING SOURCE
Transcribing agency SY
082 ## - DEWEY DECIMAL CLASSIFICATION NUMBER
Classification number 616
100 ## - MAIN ENTRY--AUTHOR NAME
Personal name SAMAYAJULU GARU
245 ## - TITLE STATEMENT
Title Veterinary pathology.
260 ## - PUBLICATION, DISTRIBUTION, ETC. (IMPRINT)
Place of publication NA
Name of publisher SAM
Year of publication 1983
300 ## - PHYSICAL DESCRIPTION
Number of Pages 201p.
942 ## - ADDED ENTRY ELEMENTS (KOHA)
Koha item type សៀវភៅភាសាអង់គ្លេស

No items available.

មជ្ឈមណ្ឌលឯការនៃសាកលវិទ្យាល័យភូមិន្ទកសិកម្មចំការដូង

Powered by Koha